Двубой без компромиси (Запис номер 182162)
[ съкратено ]
| 000 -Лидер | |
|---|---|
| Контролно поле с фиксирана дължина | 01586nam a2200325 c 4500 |
| 003 - Код на организацията, давaща контролен номер | |
| Контролно поле | BLK |
| 005 - Дата и час на последна редакция | |
| Контролно поле | 20220323153246.0 |
| 008 - Елементи от данни с фиксирана дължина | |
| fixed length control field | 180411b bul|||||r ||||||| ||bul|| |
| 010 ## - Наследен системен номер | |
| LC control number | KNG00191085000 |
| 040 ## - Източник на каталожния запис | |
| Идентификатор на билиотеката - собственик на записа | BLK |
| 041 ## - Код за език | |
| Код за езика на текст/звукозапис или на отделно заглавие | Български |
| Код за езика КДБФ | Български |
| 080 ## - УДК | |
| Текстов определител УДК | Вътрешна политика. Вж и 329 |
| УДК код - определител по УДК | 323 |
| УДК определител | (497.2) |
| УДК - код + определител | 323(497.2) |
| 080 ## - УДК | |
| Текстов определител УДК | Политически партии и движения |
| УДК код - определител по УДК | 329 |
| УДК определител | (497.2) |
| УДК - код + определител | 329(497.2) |
| 139 ## - Редно поле | |
| Редна дума | Двубой без компромиси |
| Авторски знак | Дво - Д 29 |
| 245 10 - Сведения за заглавието | |
| Заглавие | Двубой без компромиси |
| Подзаглавни данни | Уч. помагало за системата на комсомолската просв. |
| Редно поле (дума) | Цвета Василева; състав. Станка Янакиева Величкова. |
| 257 ## - Страна на издаване | |
| Страна на създаване/издаване | България |
| 260 ## - Област на издателските данни | |
| Място на издаване, разпространение и проч. | София |
| Име на издателя, разпространителя и проч. | Нар. младеж |
| Година на издаване | 1981 |
| 300 ## - Физическа характеристика | |
| Страници | 200 с. |
| Размери/Мащаб | 20 см |
| 380 ## - Жанр | |
| Жанр | Обществени науки |
| 490 1# - СЕРИИ (Колекции) | |
| Име на серия | В помощ на политическата учебна година на Димитровския комсомол |
| 500 ## - Общи забележки | |
| Забележка | Други авт.: Д. Георгиева, Т. Радков, Л. Райков, Ст. Величкова, Й. Димова, З. Захариев, М. Дикова. - 10 000 тир. |
| 650 #4 - Допълнително описание по предмет – тема | |
| Основно описание – тема или топоним | ДКМС - идейно-политическа работа - материали |
| 9 (RLIN) | 342843 |
| 700 1# - Други автори (авторска отговорност) | |
| Лично име | Василева, Цвета |
| 9 (RLIN) | 378757 |
| 700 1# - Други автори (авторска отговорност) | |
| Лично име | Величкова, Станка Янакиева |
| Автороска отговорност (Описва отношението между автора и произведението) | състав. |
| 9 (RLIN) | 320894 |
| 852 ## - Местоположение | |
| Форматна сигнатура | Цб 111965 |
| 856 4# - Електронен адрес и достъп | |
| Електронен формат | pdf - файл |
| 856 4# - Електронен адрес и достъп | |
| Електронен формат | pdf - файл |
| 999 ## - СИСТЕМНИ КОНТРОЛНИ НОМЕРА | |
| Koha biblionumber | 182162 |
| Koha biblioitemnumber | 182162 |
| 942 ## - АРТИКУЛИ | |
| Вид на библиотечния материал | Книги |
| Скрит в OPAC | Не |
| Периодичен библиозапис | Да |
| 944 ## - СЪЗДАВАНЕ И РЕДАКЦИЯ на ЗАПИСА | |
| Създаване/Редакция | Създаване |
| Дата на регистрацията/редакция | 29.09.2016 |
| Служител, извършил регистрацията/редакцията | Нора_Радева |
| 944 ## - СЪЗДАВАНЕ И РЕДАКЦИЯ на ЗАПИСА | |
| Създаване/Редакция | Редакция |
| Дата на регистрацията/редакция | 29.09.2016 |
| Служител, извършил регистрацията/редакцията | Нора_Радева |
| 999 ## - СИСТЕМНИ КОНТРОЛНИ НОМЕРА | |
| Koha biblioitemnumber | 182162 |
| Код за отписване | Код за изгубен артикул | Източник на класификационната схема | Код за повреда | Коз за рестрикции | Код за отдаване | Артикулен № | Име на библиотеката - собственик | Име на библиотеката, в която се намира в момента | Статус (Текущо местоположение) | Дата на вписване в системата | Местоположение - отдел | Цена в лева | Инвентарен номер | Систематично азбучна сигнатура | Баркод | Номер на екземпляра | Цена в евро | Служебна бележка | Служебен тип на артикула |
|---|---|---|---|---|---|---|---|---|---|---|---|---|---|---|---|---|---|---|---|
| Не е изгубен | Universal Decimal Classification | Не е повреден | без рестрикции | ползва се в читалня | 312434 | Регионална библиотека "Любен Каравелов" Русе | Регионална библиотека "Любен Каравелов" Русе | Хранилище | 1981-01-01 | Хранилище | 0.90 | 339814 | Цб 111965 | 120000339814 | 1 | 0.46 | Дост: Dp Вид: Д N: сф Дата: 01.01.1981 | Книги | |
| Изтеглен | Не е изгубен | Universal Decimal Classification | Не е повреден | без рестрикции | заемане за дома | 312435 | Регионална библиотека "Любен Каравелов" Русе | Регионална библиотека "Любен Каравелов" Русе | Заемна - подръчен фонд | 1981-01-01 | Заемна - подръчен фонд | 0.90 | 341119 | П 323(497.2)/Д 29 | 341119 | 2 | 0.46 | Вид: Сф Дата: 01.01.1981 | Книги |
| Изтеглен | Не е изгубен | Universal Decimal Classification | Не е повреден | без рестрикции | заемане за дома | 312436 | Регионална библиотека "Любен Каравелов" Русе | Регионална библиотека "Любен Каравелов" Русе | Заемна - подръчен фонд | 1981-01-01 | Заемна - подръчен фонд | 0.90 | 341120 | П 323(497.2)/Д 29 | 341120 | 3 | 0.46 | Вид: Сф Дата: 01.01.1981 | Книги |